000 00722nam a22001937a 4500
008 241210b |||||||| |||| 00| 0 eng d
020 _a9994621319
082 _223rd.
_aN915.4963/M727b
100 _aमानन्धर, ज्ञानकाजी
241 _aBanepa-staban / Gyankaji Manandhar.
245 _aबनेपा -स्तवन/
_cज्ञानकाजी मानन्धर.
260 _aबनेपाः
_bसुखवेति मानन्धर,
_c२०६३वि.
300 _axix, 121p. : ill.
504 _aIncludes bibliography.
650 _aभुगोल, नेपाल
650 _aचाडपर्व
650 _aइतिहास
942 _2ddc
_cISBN
999 _c118366
_d118354